| 000 | 00553nam a2200169 a 4500 | ||
|---|---|---|---|
| 001 | 000026809 | ||
| 005 | 20200930030426.0 | ||
| 008 | 110325s1924 dr 000 0 spa d | ||
| 040 |
_aDO-SdBNP _bspa _cBNPHU |
||
| 082 |
_axxx _bR759a |
||
| 100 | 1 |
_aRomano, César Augusto _953922 |
|
| 245 | 1 | 0 |
_aAlrededor de la sustitución del rector de la universidad / _cCésar Augusto Romano ; prólogo Virgilio Montalvo. |
| 260 |
_aSanto Domingo : _bMontalvo, _c1924. |
||
| 300 |
_a118 p. ; _c22 cm. |
||
| 700 | 1 |
_aMontalvo, Virgilio, _epról. _953923 |
|
| 049 | _aBNPD | ||
| 999 |
_c26301 _d26301 |
||